Deutsche Nationalhymne - Statistiken

Allgemein
  • Dieses Quiz wurde 168 mal gespielt
  • Das Durchschnittsergebnis liegt bei 32 aus 36
Antwortstatistiken
Worte % Korrekt
das
99%
deutsche
99%
Einigkeit
99%
Einigkeit
99%
Freiheit
99%
Freiheit
99%
für
99%
Recht
99%
Recht
99%
und
99%
und
99%
und
99%
und
99%
und
99%
Vaterland
99%
Vaterland
99%
uns
91%
alle
89%
lasst
89%
mit
88%
brüderlich
87%
Hand
87%
Herz
87%
streben
86%
des
83%
danach
81%
Glückes
81%
Glückes
81%
im
79%
sind
79%
Blüh
77%
dieses
77%
Glanze
77%
deutsches
74%
blühe
72%
Unterpfand
69%
Keine übereinstimmenden Quizze gefunden
Verteilung der Resultate
Anzahl Personen mit jedem Resultat
Perzentil nach korrekt beantworteten Fragen
Ihre Resultats-Entwicklung
Sie haben dieses Quiz noch nicht gespielt